|
|
|
|
| LEADER |
00000nab a2200000 a 4500 |
| 001 |
vtls000852835 |
| 003 |
SK-MaSNL |
| 005 |
20260305044342.0 |
| 008 |
160322c2003 xo 0 slo |
| 015 |
|
|
|a SNBRB2003/11-32311
|
| 035 |
|
|
|a CLN000204490
|
| 040 |
|
|
|a SNKBUCL
|b slo
|c SNKBUCL
|e AACR2
|
| 041 |
0 |
|
|a slo
|
| 044 |
|
|
|a xo
|c SK
|
| 080 |
|
|
|a 32-051
|2 UDC-MRF-SK2
|
| 080 |
|
|
|a 929 Roman, Ľubo
|2 UDC-MRF-SK2
|
| 080 |
|
|
|a 353-051
|2 UDC-MRF-SK2
|
| 100 |
1 |
|
|a Matejovič, Róbert,
|d 1967-
|4 ivr
|9 9938
|
| 245 |
1 |
0 |
|a Chce, aby bol prezident obľúbeným úradom
|c Róbert, Matejovič, Ľubo Roman
|
| 300 |
|
|
|b Fotogr.
|
| 600 |
1 |
7 |
|a Roman, Ľubomír,
|d 1944-2022
|2 snkbucl
|9 219741
|
| 655 |
|
7 |
|a články z novín a časopisov
|2 snkbucl
|9 267496
|
| 700 |
1 |
|
|a Roman, Ľubomír,
|d 1944-2022
|4 ive
|9 219741
|
| 773 |
0 |
|
|x 1335-9959
|t Dimenzie
|g Roč. 3, č. 11 (2003), s. 6-10
|
| 850 |
|
|
|a Slovenská národná knižnica v Martine
|
| 852 |
|
|
|a SNK
|b KIS3GCP
|
| 958 |
|
|
|a BX
|
| 958 |
|
|
|a RBX
|
| 999 |
|
|
|c 3358039
|d 3359969
|